| 000 | 00566nam a2200193Ia 4500 | ||
|---|---|---|---|
| 005 | 20250508165118.0 | ||
| 008 | 008 250505s9999 xx 000 0 hin d | ||
| 037 | _aDissertations | ||
| 040 |
_aFEDL _beng _cFEDL |
||
| 041 |
_ahin _2eng |
||
| 084 |
_a370.32, GOS/DI _qFEDL |
||
| 100 |
_aGoswami Manju _9779916 |
||
| 245 | 0 | _aShiksha ka adhikar aur baalshram: Prasper sambandho ka adhyyan | |
| 260 | _c2011 | ||
| 300 | _a145p. | ||
| 546 | _aM. Ed. Dissertation, (Delhi University) | ||
| 942 |
_cDIS _h370.32, GOS/DI |
||
| 999 |
_c1393234 _d1393234 |
||